U.N. informe de la comisión del cuartel general en la segunda parte de la primera sesión de la Asamblea General de las Naciones Unidas

Guardat en:
Dades bibliogràfiques
Autor principal: Le Corbusier (Autor)
Format: Llibre
Idioma:espanyol
Publicat: Buenos Aires Guillermo Kraft 1948
Matèries:
Etiquetes: Afegir etiqueta
Sense etiquetes, Sigues el primer a etiquetar aquest registre!

MARC

LEADER 00000nam a2200000 a 4500
001 UCY3776
003 CL-VaPUC
008 950118e19480000AG |||||||||||||||||spa|d
082 0 4 |a 711.551  |b LEC  |2 21 
100 |a Le Corbusier  |e author  |9 265037 
245 1 0 |a U.N. informe de la comisión del cuartel general en la segunda parte de la primera sesión de la Asamblea General de las Naciones Unidas 
300 |a 97 p 
942 |c BK 
945 |d 19950118 00:00:00  |a aalvarez 
260 |a Buenos Aires  |b Guillermo Kraft  |c 1948 
600 0 7 |a NACIONES UNIDAS  |2 CL-VaPUC  |9 255446 
650 0 |a Planificación urbana   |9 258176 
650 0 |a Edificios   |9 260501 
583 |a last modification  |c 19950118 00:00:00  |k Rodrigo Vera 
999 |c 231828  |d 231826 
952 |0 0  |1 0  |4 0  |6 711_551000000000000_LEC_1948  |7 0  |8 A  |9 235560  |a BIBARQ  |b BIBARQ  |d 2019-11-15  |i 3051285  |o 711.551 LEC 1948  |p 3051285  |r 2025-01-20  |w 2019-11-15  |y BK  |k ARQ 
952 |0 0  |1 0  |4 0  |6 711_551000000000000_LEC_1948  |7 0  |8 A  |9 235561  |a BIBARQ  |b BIBARQ  |d 2019-11-15  |i 4127226  |o 711.551 LEC 1948  |p 4127226  |r 2025-01-20  |w 2019-11-15  |y BK  |k ARQ